[Event "IRI-ch Online"]
[Site "Chess.com INT"]
[Date "2021.03.18"]
[Round "9"]
[White "Shahsavari, Mohammad Amin"]
[Black "Hosseini, Morteza"]
[Result "0-1"]
[WhiteElo "1231"]
[BlackElo "1862"]
[PlyCount "72"]
[EventDate "2021.03.15"]
[EventType "swiss (rapid)"]
[EventRounds "11"]
[EventCountry "IRI"]
[SourceTitle "CBM 201 Extra"]
[Source "ChessBase"]
[SourceDate "2021.05.31"]
[SourceVersion "1"]
[SourceVersionDate "2021.05.31"]
[SourceQuality "1"]

1. e4 c5 2. Nf3 e6 3. d4 cxd4 4. Nxd4 Nc6 5. Nc3 Qc7 6. Be3 a6 7. f3 Nf6 8. Be2 Bb4 9. 0-0 0-0 10. Qe1 Ne5 11. a3 Ba5 12. Nb3 Bxc3 13. Qxc3 Qxc3 14. bxc3 d5 15. Bd4 Nfd7 16. f4 Nc4 17. exd5 exd5 18. Bf3 Ndb6 19. Bxb6 Nxb6 20. Rad1 Bf5 21. Nd4 Be4 22. Rb1 Na4 23. Rxb7 Nxc3 24. Nc6 Nb5 25. Rd1 Nxa3 26. Ne7+ Kh8 27. Nxd5 Bxf3 28. gxf3 Rad8 29. c3 Rd6 30. Ra1 Nc2 31. Ra5 g6 32. c4 Rc8 33. Nb6 Re8 34. c5 Rd2 35. Ra1 Nxa1 36. Kf1 Nc2 0-1

[Event "IRI-ch Online"]
[Site "Chess.com INT"]
[Date "2021.03.17"]
[Round "8"]
[White "Hosseini, Morteza"]
[Black "Movahedi, Yashar"]
[Result "1/2-1/2"]
[WhiteElo "1862"]
[BlackElo "1808"]
[PlyCount "97"]
[EventDate "2021.03.15"]
[EventType "swiss (rapid)"]
[EventRounds "11"]
[EventCountry "IRI"]
[SourceTitle "CBM 201 Extra"]
[Source "ChessBase"]
[SourceDate "2021.05.31"]
[SourceVersion "1"]
[SourceVersionDate "2021.05.31"]
[SourceQuality "1"]

1. e4 c5 2. c3 d5 3. exd5 Qxd5 4. d4 e6 5. Nf3 Nf6 6. Be2 Nbd7 7. 0-0 Be7 8. Be3 b6 9. c4 Qc6 10. Ne5 Qc7 11. Bf4 Bd6 12. Nc3 a6 13. Bf3 Rb8 14. Re1 0-0 15. Nxd7 Bxd7 16. Bxd6 Qxd6 17. d5 b5 18. dxe6 Qxd1 19. exf7+ Kxf7 20. Raxd1 bxc4 21. Nd5 Rfe8 22. Kf1 Bf5 23. Nxf6 Rxe1+ 24. Kxe1 Kxf6 25. Rd2 Bd3 26. Be2 Ke5 27. Bxd3 cxd3 28. Rxd3 Rxb2 29. Ra3 Kd4 30. Rxa6 c4 31. Ra7 g5 32. Rxh7 Rxa2 33. Rf7 c3 34. Kd1 Ra1+ 35. Kc2 Ra2+ 36. Kd1 Ra1+ 37. Kc2 Ra2+ 38. Kb1 Re2 39. Rd7+ Kc4 40. Rc7+ Kb3 41. Rb7+ Kc4 42. Rc7+ Kb4 43. Rf7 Kc4 44. g3 g4 45. Rc7+ Kb3 46. Rb7+ Kc4 47. Rc7+ Kd4 48. Rd7+ Kc4 49. Rc7+ 1/2-1/2

[Event "IRI-ch Online"]
[Site "Chess.com INT"]
[Date "2021.03.17"]
[Round "5"]
[White "Mosadeghpour, Masoud"]
[Black "Hosseini, Morteza"]
[Result "1-0"]
[WhiteElo "2498"]
[BlackElo "1862"]
[PlyCount "53"]
[EventDate "2021.03.15"]
[EventType "swiss (rapid)"]
[EventRounds "11"]
[EventCountry "IRI"]
[SourceTitle "CBM 201 Extra"]
[Source "ChessBase"]
[SourceDate "2021.05.31"]
[SourceVersion "1"]
[SourceVersionDate "2021.05.31"]
[SourceQuality "1"]

1. e4 c5 2. Nf3 e6 3. d4 cxd4 4. Nxd4 Nc6 5. Nc3 Qc7 6. Be3 a6 7. Be2 Nf6 8. 0-0 Bb4 9. Nxc6 bxc6 10. Qd4 c5 11. Qc4 Bb7 12. Bf3 0-0 13. e5 Bxc3 14. Qxc3 Nd5 15. Bxd5 Bxd5 16. Bxc5 Rfc8 17. b4 d6 18. exd6 Qxd6 19. Qd4 e5 20. Qe3 Qg6 21. f3 f6 22. Rf2 Rd8 23. a4 Bc6 24. f4 Rd5 25. c4 Rd3 26. Qe2 Rad8 27. fxe5 1-0

[Event "IRI-ch Online"]
[Site "Chess.com INT"]
[Date "2021.03.16"]
[Round "3"]
[White "Hosseini, Morteza"]
[Black "Naserpour, Yones"]
[Result "1-0"]
[WhiteElo "1862"]
[BlackElo "1704"]
[PlyCount "81"]
[EventDate "2021.03.15"]
[EventType "swiss (rapid)"]
[EventRounds "11"]
[EventCountry "IRI"]
[SourceTitle "CBM 201 Extra"]
[Source "ChessBase"]
[SourceDate "2021.05.31"]
[SourceVersion "1"]
[SourceVersionDate "2021.05.31"]
[SourceQuality "1"]

1. e4 e5 2. Nc3 Nc6 3. Bc4 Bc5 4. d3 h6 5. f4 d6 6. Nf3 Bg4 7. Na4 Nd4 8. Nxc5 Bxf3 9. gxf3 Qh4+ 10. Kf1 dxc5 11. fxe5 Ne7 12. c3 Ne6 13. Qd2 Ng6 14. Qf2 Qh5 15. d4 cxd4 16. cxd4 0-0 17. Be3 Rad8 18. Rg1 Nef4 19. Qg3 Qh3+ 20. Qxh3 Nxh3 21. Rxg6 Kh7 22. Rg3 Ng5 23. Ke2 f6 24. exf6 Rxf6 25. Bxg5 hxg5 26. d5 Rdf8 27. Bd3 Rf4 28. e5+ Kg8 29. Be4 g4 30. Rxg4 Rxg4 31. fxg4 Rf4 32. Bf5 g6 33. Ke3 Rb4 34. Be6+ Kg7 35. b3 a5 36. Rf1 a4 37. Rf7+ Kh6 38. h4 g5 39. h5 axb3 40. Bf5 Rxg4 41. Rh7# 1-0

[Event "IRI-ch Online"]
[Site "Chess.com INT"]
[Date "2021.03.16"]
[Round "4"]
[White "Nazari, Arad"]
[Black "Hosseini, Morteza"]
[Result "0-1"]
[WhiteElo "2298"]
[BlackElo "1862"]
[PlyCount "70"]
[EventDate "2021.03.15"]
[EventType "swiss (rapid)"]
[EventRounds "11"]
[EventCountry "IRI"]
[SourceTitle "CBM 201 Extra"]
[Source "ChessBase"]
[SourceDate "2021.05.31"]
[SourceVersion "1"]
[SourceVersionDate "2021.05.31"]
[SourceQuality "1"]

1. e4 c5 2. Nf3 e6 3. d4 cxd4 4. Nxd4 Nc6 5. Nxc6 bxc6 6. Bd3 Nf6 7. Nd2 d5 8. 0-0 Bd6 9. Qe2 Qc7 10. h3 0-0 11. b3 Be5 12. Rb1 c5 13. Nf3 Bf4 14. e5 Bxc1 15. Rbxc1 Nd7 16. c4 d4 17. Bxh7+ Kxh7 18. Qe4+ g6 19. Ng5+ Kg7 20. Qh4 Nxe5 21. Qh7+ Kf6 22. f4 Nd7 23. Rce1 Bb7 24. Qh4 Rh8 25. Qg4 Rae8 26. h4 Qc6 27. Rf2 Kg7 28. Nf3 Nf6 29. Qh3 Qc7 30. Ne5 Rh7 31. Qg3 Reh8 32. f5 Rxh4 33. Rf4 Rh1+ 34. Kf2 Rxe1 35. Nxg6 Ne4+ 0-1

[Event "IRI-ch U16"]
[Site "Chess.com INT"]
[Date "2021.01.16"]
[Round "3"]
[White "Hasan Poor, Mohammad Pooya"]
[Black "Hosseini, Morteza"]
[Result "0-1"]
[WhiteElo "1391"]
[BlackElo "1862"]
[PlyCount "116"]
[EventDate "2021.01.16"]
[EventType "swiss"]
[EventRounds "11"]
[EventCountry "IRI"]
[SourceTitle "EXT 2022"]
[Source "ChessBase"]
[SourceDate "2021.10.06"]
[SourceVersion "1"]
[SourceVersionDate "2021.10.06"]
[SourceQuality "1"]

1. d4 Nf6 2. Bf4 g6 3. e3 Bg7 4. Nc3 d5 5. h3 0-0 6. Nf3 c5 7. Bd3 Nc6 8. dxc5 Re8 9. Ne5 Nh5 10. Nxc6 bxc6 11. Bh2 e5 12. 0-0 Rb8 13. Rb1 Qa5 14. Be2 Nf6 15. f4 Nd7 16. Bg4 Qxc5 17. fxe5 Qxe3+ 18. Kh1 Bxe5 19. Bxd7 Bxd7 20. Re1 Qg5 21. Bxe5 Rxe5 22. Rxe5 Qxe5 23. Qe1 Qxe1+ 24. Rxe1 Rxb2 25. Re7 Rxc2 26. Nxd5 cxd5 27. Rxd7 Rxa2 28. Rxd5 a5 29. Kh2 a4 30. Ra5 a3 31. h4 h5 32. Kg3 Ra1 33. Ra6 Kf8 34. Ra8+ Ke7 35. Ra7+ Ke6 36. Kf4 Kd5 37. Kg5 Kc4 38. Rxf7 Rb1 39. Kxg6 Rb5 40. Rf4+ Kb3 41. Rf3+ Ka4 42. Rf4+ Rb4 43. Rf2 Rxh4 44. Kg5 Rh1 45. Rf4+ Kb3 46. Rf3+ Kb2 47. Rf2+ Kb1 48. Rf8 Rh2 49. Rb8+ Ka2 50. g3 Rb2 51. Rf8 Rg2 52. Kh4 Rh2+ 53. Kg5 Kb1 54. Rb8+ Rb2 55. Ra8 Rb5+ 56. Kh4 a2 57. g4 hxg4 58. Kxg4 a1Q 0-1

[Event "IRI-ch U16"]
[Site "Chess.com INT"]
[Date "2021.01.16"]
[Round "4"]
[White "Hosseini, Morteza"]
[Black "Nasiri, Mohammad Naeim"]
[Result "1-0"]
[WhiteElo "1862"]
[BlackElo "1436"]
[PlyCount "49"]
[EventDate "2021.01.16"]
[EventType "swiss"]
[EventRounds "11"]
[EventCountry "IRI"]
[SourceTitle "EXT 2022"]
[Source "ChessBase"]
[SourceDate "2021.10.06"]
[SourceVersion "1"]
[SourceVersionDate "2021.10.06"]
[SourceQuality "1"]

1. e4 e5 2. Nc3 Nc6 3. Bc4 Bc5 4. d3 Nf6 5. f4 d6 6. Nf3 0-0 7. Na4 Bg4 8. Nxc5 dxc5 9. c3 exf4 10. Bxf4 Re8 11. 0-0 Na5 12. Bb5 c6 13. Ba4 c4 14. Bc2 Qb6+ 15. d4 Bxf3 16. Qxf3 Qxb2 17. Rac1 h6 18. Bxh6 gxh6 19. Qxf6 Rf8 20. e5 Qxc3 21. Bh7+ Kxh7 22. Rxc3 b5 23. Rh3 Rfe8 24. Rxh6+ Kg8 25. Rh8# 1-0